000 00485nam a2200181 a 4500
001 28896
005 20180713231847.0
008 140415s1985 sp 000 0 spa d
020 _a8423944034
041 _aspa
082 _a900.05
_bHEU
100 1 _aMANN ALFRED HEUSS, GOLO
245 1 4 _aLAS CULTURAS SUPERIORES DE ASIA CENTRAL Y ORIENTE
250 _a1a ed.
260 _aESPAÑA :
_bESPASA-CALPE,
_c1985
300 _a405
_c12 x 3 x 18
650 1 4 _aHISTORIA
999 _c28896
_d28896